000 01782nam a2200421 c 4500
003 BLK
005 20180422110204.0
008 180409b bul|||||r ||||||| ||bul||
010 _aKNG00119459000
020 _a978-954-587-161-0
_bиздат.: КХ
040 _aBLK
041 _aBUL
_cBUL
072 7 _2bullib
_aН34
_xПраво Н
072 7 _2bullib
_aТ030401
_xЕвропейски съюз. Правни аспекти
080 _aКонституции. Законодателни събрания. Народни събрания
_b342.4
_x(4)
_z342.4(4)
080 _aЕвропейски съюз - политически аспекти
_b327.7:061.1ЕС
_x
_z327.7:061.1ЕС
100 1 _aХабермас, Юрген
_eпърви автор
_9135321
700 1 _aЙотов, Стилиян
_eпрев. от нем.
_9376106
139 _aХабермас, Юрген
_bХ 12
245 1 0 _aЗа конституцията на Европа
_bОпит
_cЮрген Хабермас; прев. от нем. Стилиян Йотов.
257 _aDEU
260 София
_bКХ
_c2011
300 _a184 с.
_c20 см
380 _a3
490 1 _aVarius
500 _aОриг. загл. Zur Verfassung Europas : Ein essay / Jurgen Habermas. - Съдържа и Европа на Федералната република. - Библиогр. под линия.
650 4 _aЕвропейски съюз - конституция
_9282825
653 _aЕвропейски съюз
653 _aмеждународно право
653 _aконституции
659 _aЕ
659 _aН
852 _aЦб 255489
856 4 _qpdf
_u
856 4 _qpdf
_u
942 _cKNG
_n0
944 _aCR
_c20.06.2012
_kПенка_Димитрова
944 _aED
_c06.11.2013
_k
999 _c114038
_d114038